Toutes les gares SNCF depuis Paris-Bercy - Statistiques

Statistiques générales
  • Ce quiz a été pris 78 fois
  • Le résultat moyen est 31 sur 66
Statistiques - réponses
Département Gare % Correct
4 Puy-de-Dôme Clermont-Ferrand
95%
1 Côte d'Or Dijon
93%
4 Nièvre Nevers
93%
2 Yonne Auxerre-Saint-Gervais
87%
3 Yonne Auxerre-Saint-Gervais
87%
1 Saône-et-Loire Mâcon-Ville
82%
1 Yonne Sens
80%
2 Yonne Sens
80%
3 Yonne Sens
80%
1 Côte d'Or Beaune
78%
1 Saône-et-Loire Chalon-sur-Saône
77%
1 Rhône Lyon-Part-Dieu
75%
4 Allier Vichy
73%
1 Rhône Lyon-Perrache
72%
3 Yonne Avallon
70%
4 Allier Moulins-sur-Allier
70%
1 Rhône Villefranche-sur-Saône
70%
1 Yonne Laroche-Migennes
63%
2 Yonne Laroche-Migennes
63%
3 Yonne Laroche-Migennes
63%
1 Côte d'Or Montbard
63%
4 Puy-de-Dôme Riom-Châtel-Guyon
63%
4 Loiret Montargis
60%
1 Yonne Tonnerre
57%
2 Nièvre Clamecy
55%
4 Nièvre Cosne-Cours-sur-Loire
55%
1 Yonne Joigny
53%
2 Yonne Joigny
53%
3 Yonne Joigny
53%
1 Rhône Saint-Germain-au-Mont-d'Or
48%
1 Côte d'Or Les Laumes-Alésia
47%
1 Yonne Nuits-sous-Ravières
45%
2 Nièvre Corbigny
43%
1 Rhône Belleville-sur-Saône
43%
1 Saône-et-Loire Tournus
43%
1 Saône-et-Loire Chagny
42%
4 Loiret Gien
42%
4 Seine-et-Marne Nemours-Saint-Pierre
40%
1 Yonne Saint-Florentin-Vergigny
37%
1 Yonne Villeneuve-la-Guyard
37%
1 Yonne Villeneuve-sur-Yonne
37%
1 Yonne Pont-sur-Yonne
33%
4 Nièvre La-Charité-sur-Loire
27%
3 Yonne Sermizelles-Vézelay
27%
4 Nièvre Fourchambault
25%
4 Loiret Briare
23%
1 Yonne Champigny-sur-Yonne
23%
4 Loiret Nogent-sur-Vernisson
23%
4 Nièvre Pougues-les-Eaux
23%
4 Nièvre Saincaize
23%
1 Yonne Saint-Julien-du-Sault
23%
1 Yonne Etigny-Véron
22%
2 Yonne Cravant-Bazarnes
20%
3 Yonne Cravant-Bazarnes
20%
4 Nièvre Pouilly-sur-Loire
20%
3 Yonne Arcy-sur-Cure
17%
2 Yonne Champs-Saint-Bris
15%
3 Yonne Champs-Saint-Bris
15%
2 Yonne Mailly-la-Ville
15%
2 Yonne Châtel-Censoir
13%
2 Yonne Coulanges-sur-Yonne
13%
4 Nièvre Tracy-Sancerre
13%
3 Yonne Vermenton
13%
2 Yonne Vincelles
13%
3 Yonne Vincelles
13%
2 Nièvre Flez-Cuzy-Tannay
10%
Aucun quiz correspondant
Distribution des résultats
% des personnes avec chaque résultat
Percentile par nombre de réponses
Votre historique - résultats
Vous n’avez pas pris ce quiz